MARC

LEADER 00000nam^a2200000^a^4500
001 000181840
005 20250521000000.0
009 20260310101946.787
020 |a 970-683-115-0 
037 |a Acervo ITESO - Biblioteca 
041 |a ESP 
082 |a 700. 5  |b ART V. 75b 
240 1 1 |a [Artes de México] 
245 0 0 |a Artes de México :  |b arte huichol /  |c Dir. de A. Ruy Sánchez, M. de Orellana. 
264 4 |a México :  |b Artes de México,  |c 2005, c2005 
300 |a 99, 13 p. 
336 |a texto  |b txt  |2 rdacontenido 
337 |a sin mediación  |b n  |2 rdamedio 
338 |a volumen  |b nc  |2 rdasoporte 
649 |a XX 
650 |a Arte -  |x Publicaciones Periódicas Mexicanas 
650 |a Huicholes 
650 |a Indígenas de México -  |z Jalisco 
650 |a Indígenas de México -  |z Nayarit 
650 |a Indígenas de México -  |z Durango 
650 |a Indígenas de México -  |z Zacatecas 
650 |a Prácticas Culturales -  |z México 
650 |a Cosmovisión -  |z México 
650 |a Religión -  |z México 
650 |a Identidad Cultural -  |z México 
650 |a Chaquira -  |z México 
650 |a Artesanía de Vidrio -  |z México 
650 |a Bordado y Labores de Aguja -  |z México 
650 |a Diseño Textil -  |z México 
650 |a Artesanía -  |z México 
650 |a Arte Popular -  |z México 
650 |a Arte Huichol -  |x Historia y Crítica 
650 |a Arte Mexicano -  |y Siglo XX 
650 |a Arte Mexicano -  |x Historia y Crítica 
650 |a Antropología Cultural 
650 |a Publicaciones Periódicas Mexicanas 
700 |a Ruy Sánchez, Alberto  |e (dirección) 
700 |a Orellana, Margarita de  |e (dirección) 
910 |a Fondo General 
920 |a Impresos - Libros 
930 |a Reserva Especial 
905 |a 103 
901 |a 0500121409  |b IT1  |c REE  |u 20250521 
902 |a https://opac.biblio.iteso.mx/vufind/Record/000181840